Papá Goriot

Gespeichert in:
Bibliographische Detailangaben
1. Verfasser: Balzac, Honoré de
Format: Buch
Sprache:Undetermined
Veröffentlicht: San José, Costa Rica Editorial Costa Rica 1976
Schlagworte:
Tags: Tag hinzufügen
Keine Tags, Fügen Sie den ersten Tag hinzu!

MARC

LEADER 00000nam a2200000Ia 4500
008 170316s9999 xx 000 0 und d
040 |a cru BVZT 
090 |a 840 B-2pa 
100 |a Balzac, Honoré de 
245 |a Papá Goriot 
260 |a San José, Costa Rica 
260 |b Editorial Costa Rica 
260 |c 1976 
300 |a 292 páginas 
650 |a LITERATURA FRANCESA 
999 |c 7523  |d 7523 
942 |c 15 D  |h 840 B-2pa  |2 z